000 00732nam a2200277Ia 4500
001 17360
005 20240113235758.0
007 ta
008 051230s1924 a g b000 u 465 u
040 _aCotton College,Assam
041 _a465
082 _a320.9
_bH 365 B
100 _aHeitland, W E .
245 0 _aBehind and Before /
_cW E Heitland.
_hTextual Documents
250 _a1st ed. /
260 _aCambridge :
_bAt The University Press ,
_c1924.
300 _axi,166p. :
_bill ;
_c20cm .
504 _aIndex
653 _aHistory-Politics
653 _aPolitical History
653 _aEugenist Warning
653 _aG-Political Science
942 _2ddc
_cBK
999 _c17342
_d17342